000 00390nam a2200157Ia 4500
008 231217s9999 xx 000 0 und d
041 _aEnglish
082 _a658.5 SHA
100 _aShankar, R
245 0 _aIndustrial engineering and management
250 _a1st ed.
260 _c2000
_bGalgotia
_aNew Delhi
300 _axvi+786
650 _aEngineering,management
942 _cAA
999 _c173266
_d173266